header

Adults on the autism spectrum leave the nest (Record no. 21223)

MARC details
000 -LEADER
fixed length control field 01359nam a2200337Ia 4500
100 1# - MAIN ENTRY--AUTHOR NAME
Personal name Perry, Nancy,
245 10 - TITLE STATEMENT
Title Adults on the autism spectrum leave the nest
260 ## - PUBLICATION, DISTRIBUTION, ETC. (IMPRINT)
Place of publication London ;
-- Philadelphia :
Name of publisher Jessica Kingsley Publishers,
Year of publication 2009.
300 ## - PHYSICAL DESCRIPTION
Number of Pages 272 p.
650 #0 - SUBJECT ADDED ENTRY--TOPICAL TERM
Topical Term Autism.
Topical Term Autistic people
Topical Term Parents of autistic children.
Topical Term Autistic people
Topical Term Life skills
856 40 - ELECTRONIC LOCATION AND ACCESS
Uniform Resource Identifier http://site.ebrary.com/lib/rucke/Doc?id=10273794

No items available.

© 2026 Rongo University
Contact us: librarian | system librarian | Rongo university